000
00304 a2200121 4500
000
nam a22 7a 4500
005
20250924103633.0
020
_a
9789004467958 (hbk)
100
_a
Ester Bianchi Ed.
_9
846373
245
_a
Sino-Tibetan Buddhism across the ages
260
_b
BRILL
_c
2021
942
_c
TB
999
_c
1463925
_d
1463925